Program information for federal construction grants to build municipal wastewater treatment facilities.

Bibliographic Details
Corporate Author: Texas. Department of Water Resources
Format: Government Document Book
Language:English
Published: [Austin] : Texas Dept. of Water Resources, [1984]
Edition:Rev. Aug. 1984.
Subjects:

MARC

Tag First Indicator Second Indicator Subfields
LEADER 00000cam a2200000 a 4500
001 in00001069228
005 20150929093005.0
008 841017s1984 txubk b s00010 eng d
035 |a (OCoLC)11276120 
035 |9 AFM7511AM 
040 |a IKM  |c IKM  |d UtOrBLW 
043 |a n-us-tx 
049 |a IKMd 
086 |a W1125.7 L629p no.87 1984  |2 txdocs 
099 9 |a W1125.7  |a L629p  |a no.87  |a 1984 
110 1 |a Texas.  |b Department of Water Resources. 
245 1 0 |a Program information for federal construction grants to build municipal wastewater treatment facilities. 
250 |a Rev. Aug. 1984. 
264 1 |a [Austin] :  |b Texas Dept. of Water Resources,  |c [1984] 
300 |a 413 pages in various pagings :  |b 1 map, forms ;  |c 28 cm. 
336 |a text  |b txt  |2 rdacontent 
337 |a unmediated  |b n  |2 rdamedia 
338 |a volume  |b nc  |2 rdacarrier 
500 |a "Revised September 1983"--Cover. 
500 |a "LP-87." 
504 |a Includes bibliography. 
650 0 |a Water treatment plants  |z United States. 
650 0 |a Federal aid to water quality management  |z Texas. 
650 0 |a Sewage disposal plants  |x Design and construction. 
999 |a MARS 
999 f f |s 6f3bcd61-c8b9-3e0e-b142-66addf00987c  |i 98ee3ad5-7a26-3973-9790-2f586dae8d3e  |t 0 
952 f f |p normal  |a Texas A&M University  |b College Station  |c Sterling C. Evans Library  |d Evans: Texas Documents (Annex 5th floor)  |t 0  |e W1125.7 L629p no.87 1984  |h Other scheme  |i unmediated -- volume  |m A14818649645 
952 f f |p normal  |a Texas A&M University  |b College Station  |c Sterling C. Evans Library  |d Evans: Texas Documents (Annex 5th floor)  |t 0  |e W1125.7 L629p no.87 1984  |h Other scheme  |i unmediated -- volume  |m A14815818318 
998 f f |a W1125.7 L629p no.87 1984  |t 0  |l Evans: Texas Documents (Annex 5th floor) 
998 f f |a W1125.7 L629p no.87 1984  |t 0  |l Evans: Texas Documents (Annex 5th floor)